| 000 | 01119cab a2200205 4500 | ||
|---|---|---|---|
| 001 | ##L134256 | ||
| 008 | 060720n2006 000 0 eng u | ||
| 035 | _a(Sirsi) u134256 | ||
| 041 | 0 | _aeng | |
| 110 | 2 |
_aConstructing Excellence in the Built Environment _94925 |
|
| 245 | 0 | 0 | _aAnnual KPI survey reveals increase in value for money and quality of service from consultants |
| 260 | _c2006 | ||
| 490 | 0 |
_aConstructing Excellence in the Built Environment News _v6 June 2006 |
|
| 520 | _aThe 2006 UK Construction Key Performance Indicators (KPIs) reveal that surveyors and other consultants are delivering increased value for money and improved quality of service. Performance in other areas, such as productivity, client satisfaction and training, however, remained static or fell. | ||
| 650 | 2 | 4 | _aCONSTRUCTING EXCELLENCE CONSTRUCTION INDUSTRY KEY PERFORMANCE INDICATORS |
| 651 | 4 |
_aUnited Kingdom _y |
|
| 690 | _aMANAGEMENT-BUSINESS MANAGEMENT | ||
| 856 | 4 | 1 |
_uhttps://www.constructingexcellence.org.uk/news/article.jsp?id=7844 _zView the item free of charge at www.constructingexcellence.org.uk.... |
| 942 | _n0 | ||
| 999 |
_c77429 _d77429 |
||